| 000 | 03240ngm a2200625 i 4500 | ||
|---|---|---|---|
| 001 | 991061511076506706 | ||
| 003 | ES-BaIT | ||
| 005 | 20260413135920.0 | ||
| 008 | 251029p20202019gw 134 vlzxx c | ||
| 024 | 1 | _a814337015374 | |
| 028 | 4 | 2 |
_a753704 _bC Major |
| 035 | _a(OCoLC)1294404156 | ||
| 035 | _a(OCoLC)on1294404156 | ||
| 040 |
_aES-BaIT _bcat _erda _cES-BaIT |
||
| 041 | 0 |
_geng _gger |
|
| 080 | _a793.4(086.8) | ||
| 245 | 0 | 0 |
_aBeethoven project / _ca ballet by John Neumeier ; music by Ludwig van Beethoven ; Hamburg Ballet ; Deutsche Radio Philharmonie Saarbrücken Kaiserslautern |
| 264 | 1 |
_aBerlin : _bC Major, _c[2020] |
|
| 264 | 4 | _c©2020 | |
| 300 |
_a1 videodisc (134 min) : _bso, color ; _c12 cm + _e1 llibret (37 pàgines) |
||
| 336 |
_aimatge en moviment bidimensional _btdi _2rdacontent |
||
| 337 |
_avídeo _bv _2rdamedia |
||
| 338 |
_avideodisc _bvd _2rdacarrier |
||
| 344 |
_adigital _2rdatr |
||
| 344 |
_bòptic _2rdarm |
||
| 344 |
_gso envoltant _2rdacpc |
||
| 344 | _hDTS-HD Master Audio 5.0 | ||
| 347 |
_afitxer vídeo _2rdaft |
||
| 347 | _bBlu-ray | ||
| 347 |
_etotes les regions _2rdare |
||
| 500 | _aTítol obtingut de la superfície del disc | ||
| 508 | _aCoreografia, il·luminació, figurinisme: John Neumeier ; escenografia: Heinrich Tröger ; director d'orquestra: Simon Hewett. | ||
| 511 | 1 | _aAleix Martínez (Ludwig van Beethoven) ; Edvin Revazov (Beethoven's Ideal) ; Patricia Friza (Beethoven's Mother) ; Borja Bermudez (Beethoven's Nephew) | |
| 518 | _aEnregistrat en directe al Festspielhaus Baden-Baden 3 i 4 d' octubre de 2019 | ||
| 520 | _a"Beethoven Project is John Neumeier's choreographic tribute to Ludwig van Beethoven, blending elements of Narrative and Symphonic Ballet. Based on the "Eroica Variations", piano and chamber music, the "Prometheus" Ballet and the "Eroica" Symphony, John Neumeier describes his idea of the Beethoven Project: 'My ballet is an attempt to give physical shape to the form and emotion of Beethoven's music...'"--Contenidor | ||
| 600 | 1 | 0 |
_aBeethoven, Ludwig van, _d1770-1827 _xAdaptacions coreogràfiques i de vídeo _9167711 |
| 650 | 7 |
_aDansa clàssica _xCoreografies _956589 |
|
| 650 | 0 |
_aDansa filmada _9166159 |
|
| 700 | 1 |
_aNeumeier, John, _d1939- _ecoreògraf, _efigurinista, _eil·luminador _9138252 |
|
| 700 | 1 |
_aTröger, Heinrich _eescenògraf _9166252 |
|
| 700 | 1 |
_aMartínez, Aleix _eballarí _9166248 |
|
| 700 | 1 |
_aRevazov, Edvin _eballarí _9166302 |
|
| 700 | 1 |
_aFriza, Patricia _eballarí _9167712 |
|
| 700 | 1 |
_aBermudez, Borja _eballarí _9167713 |
|
| 700 |
_aHewett, Simon _edirector d'orquestra _9146317 |
||
| 700 | 1 |
_aBeethoven, Ludwig van, _d1770-1827 _ecompositor _995911 |
|
| 700 | 1 | 2 |
_iAdaptació coreogràfica de (obra): _aBeethoven, Ludwig van, _d 1770-1827. _tVariationen mit einer Fuge, _m piano, _nop. 35, _r E♭ major. _9167714 |
| 700 | 1 | 2 |
_iAdaptació coreogràfica de (obra): _aBeethoven, Ludwig van, _d1770-1827. _tGeschöpfe des Prometheus _9167715 |
| 710 | 2 |
_aHamburger Ballett _eballarí _9121213 |
|
| 710 | 2 |
_aDeutsche Radio Philharmonie Saarbrücken Kaiserslautern _einstrumentista _9167716 |
|
| 730 |
_aBeethoven-Projekt (Coreografia) _9167717 |
||
| 908 | _aCDMAE | ||
| 940 | _aOCLC | ||
| 942 |
_2udc _c5 |
||
| 999 |
_c136772 _d136772 |
||